000 00935nam a2200277Ia 4500
003 OSt
005 20220927110337.0
006 a|||||r|||| 00| 0
007 ta
008 220926b |||||||| |||| 00| 0 eng d
024 _a31627
037 _cReports
040 _aRTL
_cRTL
_beng
041 _2eng
_aeng
082 _a"X:56.2.N56t, J6/GD"
110 _a"INDIA (GOVT. OF-), MINISTRY OF COMMERCE AND INDUSTRY"
_9376300
111 _a"Export Credit Gurantee (Comittee), (Chairman: T C Kapur) (1956 : India)"
_9376301
245 0 _aReport of the export credit guarantee committee.
260 _aNew
_bDelhi Manager of Publications India
_c1956
300 _a144p.
_ccm.
500 _aAppendix p 95-144
650 _aExport Control
_9352373
700 _a"INDIA (GOVT. OF-), MINISTRY OF COMMERCE AND INDUSTRY"
_9376302
942 _h"X:56.2.N56t, J6/GD"
_cCC
999 _c695616
_d695616